La Expectativa de futuro del venezolano y la crisis /

Đã lưu trong:
Chi tiết về thư mục
Tác giả chính: Briceño - León, Roberto
Định dạng: Texto
Những chủ đề:
Các nhãn: Thêm thẻ
Không có thẻ, Là người đầu tiên thẻ bản ghi này!

MARC

LEADER 00000 a a2200000 04500
001 7330
003
040
100 |a Briceño - León, Roberto  
245 |a La Expectativa de futuro del venezolano y la crisis /  |c Roberto Briceño - León 
650 |a MOVILIDAD SOCIAL  
650 |a OPINION PUBLICA  
650 |a VENEZUELA  
773 |g volumen 15, número 1 -2; páginas 7-19  
999 |c 36031  |d 36031